000 00464nmm a2200169Ia 4500
008 251105s9999||||xx |||||||||||||||||und||
020 _a9788496582279
041 _aspa
100 _aParedes Badía, Isabel
245 0 _aImágenes del cuerpo
264 _a[Madrid, España] :
_bOcho y Medio,
_c2007
300 _a120 páginas
490 _aVersión original
650 _aFilm studies
856 _uhttps://public.digitaliapublishing.com/a/359
942 _cCF
999 _c90001
_d90001